000 00438cam a2200193 4500
001 D13787
008 090401t1952 xxu||||| |||| 00| 0 eng d
035 _a(Sirsi) u11640
041 _aeng
100 _aRussell, F.
245 _aOn the Law of Arbitration
250 _a15th
260 _aLondon
_bStevens & Sons
_c1952
350 _a0
520 _aShelf 134
700 _aWhite Blares, T.A.
942 _n0
948 _c04/03/1997
999 _c86884
_d86884